000 00296nam a22001337a 4500
008 170620b xxu||||| |||| 00| 0 eng d
020 _a9780618643677
041 _aeng
080 _28TH
_a328
100 _a20
101 _aSHP
245 _aAMERICAN GOVERNMENT
_cGITELSON.A.R
942 _2udc
_cBK
999 _c18234
_d18234